000 00600nam a2200205Ia 4500
001 2429
003 GE_BSU
008 181216s||||||||xx |||||||||||||| ||und||
040 _cGE_BSU
080 _a005.31
100 _aჩაგელიშვილი,პავლე
245 _aოპერაციული მენეჯმენტი
245 _cრედ.რ.გველესიანი
260 _aთბილისი
260 _c2007
300 _a208გვ.
541 _h6ლ.
653 _aოპერაციული მენეჯმენტი
942 _cBK
999 _c36511
_d36511